000 00660cam a22002293a 4500
001 13554
003 PGUSA
005 20140828083306.0
008 040928s2004||||xxu|||||s|||||000 1 eng d
040 _aPGUSA
_beng
042 _adc
050 4 _aPS
100 1 _aAllen, James Lane,
_d1849-1925
245 1 0 _aAftermath :
_bPart second of "A Kentucky Cardinal"
_h[electronic resource] /
_cJames Lane Allen
260 _bProject Gutenberg,
_c2004
506 _aPublic domain in the USA.
516 _aElectronic text
653 _aKentucky -- Fiction
830 0 _aProject Gutenberg
_v13554
856 4 0 _uhttp://www.gutenberg.org/ebooks/13554
942 _cEB
999 _c242809
_d242809